00721cam a2200193 a 4500040000800000082002600008100002100034245008300055300002700138490004300165500005500208500003400263500001700297650001600314710001900330942001000349999001700359952015100376 cRUA a363 ROM 2011 C101 Or.1 aMears, Harold C.10aAquaculture in the Northeast Region of the National Marine Fisheries Service / axi, 31 pages ;c28 cm.1 aNOAA technical memorandum NMFS-F/NER ; aDistributed to depository libraries in microfiche. aShipping list no.: 93-0097-M. a"July 1992." 0aAquaculture1 aUnited States. cAEDBB c20868d20868 0010406363_000000000000000_ROM_2011_C101_OR70992454aLBCbLBCcC101d2022-12-30o363 ROM 2011 C101 Or.pa069598r2022-12-30w2022-12-30yAEDBB